| 000 | 01194nam0a22003011 4500 | ||
|---|---|---|---|
| 001 | rc\4688865 | ||
| 005 | 20130416210202.9 | ||
| 021 |
_aRU _b[58-3780] |
||
| 035 | _a(NLR Aleph) 008712293 | ||
| 090 |
_a9365931 _c9365931 |
||
| 100 | _a20130416d1957 |||y0rusy50 ca | ||
| 101 | 0 | _arus | |
| 102 | _aRU | ||
| 105 | _ay z ||||| | ||
| 200 | 1 |
_aПрактические занятия по современному русскому языку _e(Сборник упражнений) _eПособие для пед. ин-тов _fПод ред. С.Г. Ильенко |
|
| 210 |
_aЛенинград _cУчпедгиз. Ленингр. отд-ние _d1957 |
||
| 215 |
_a231 с. _d23 |
||
| 300 | _aАвт. разделов: Ф.К. Буженик, В.Л. Георгиева, С.Г. Ильенко и др. | ||
| 320 | _aБиблиогр. в конце разделов | ||
| 606 |
_aРусский язык _jМетодические пособия _2psbo |
||
| 701 | 1 |
_aБуженик _bФ. К. |
|
| 701 | 1 |
_aГеоргиева _bВ. Л. |
|
| 701 | 1 |
_aИльенко _bС. Г. _4340 |
|
| 801 | 0 |
_aRU _bNLR _gpsbo |
|
| 801 | 1 |
_aRU _bELAR _2rusmarc |
|
| 852 |
_aNLR _j58-5/646 |
||
| 942 | _cBOOK | ||
| 980 | _aNB | ||